| 000 | 00600nam 22002173 4500 | ||
|---|---|---|---|
| 001 | 201279 | ||
| 021 | _aPT | ||
| 090 | _a201279 | ||
| 100 | _a20231030d u||y0pory50 ba | ||
| 101 | _apor | ||
| 102 | _aPT | ||
| 200 |
_aOs filmes coloridos _fJoão Camilo |
||
| 210 |
_aPorto _cÁrvore _d[s.d.] |
||
| 215 |
_a[104] p _cbrochado _d19 cm |
||
| 300 | _aContém dedicatória do escritor na folha de rosto | ||
| 606 |
_923 _aLiteratura Portuguesa _xPoesia |
||
| 675 |
_a821.134.3-1 _vPT _zpor |
||
| 700 |
_93868 _aCamilo _bJoão _f1943- |
||
| 801 |
_aPT _bBMMN _gRPC |
||
| 830 |
_cAna Falardo _fAna Falardo |
||
| 990 | _cLIVROS | ||